3D printer projects for makerspaces / (Record no. 600853)
[ view plain ]
| 000 -LEADER | |
|---|---|
| fixed length control field | 00290nam a2200109Ia 4500 |
| 008 - FIXED-LENGTH DATA ELEMENTS--GENERAL INFORMATION | |
| fixed length control field | 230907s9999||||xx |||||||||||||| ||und|| |
| 082 ## - DEWEY DECIMAL CLASSIFICATION NUMBER | |
| Classification number | 621.988 |
| Author Mark | CLI |
| 100 ## - MAIN ENTRY--PERSONAL NAME | |
| Personal name | Cline, Lydia Sloan, |
| 9 (RLIN) | 116030 |
| 245 #0 - TITLE STATEMENT | |
| Title | 3D printer projects for makerspaces / |
| 300 ## - PHYSICAL DESCRIPTION | |
| Extent | xxii, 324 pages : |
| 942 ## - ADDED ENTRY ELEMENTS (KOHA) | |
| Koha item type | Book |
| Withdrawn status | Lost status | Damaged status | Not for loan | Permanent Location | Current Location | Date acquired | Total Checkouts | Full call number | Barcode | Date last seen | Price effective from | Koha item type |
|---|---|---|---|---|---|---|---|---|---|---|---|---|
| US-Pakistan Center for Advanced Studies in Energy (USPCAS-E) | US-Pakistan Center for Advanced Studies in Energy (USPCAS-E) | 11/12/2019 | 621.988 CLI | CAS-E0004952 | 09/12/2023 | 09/12/2023 | Book |
